000 00444nam a2200169Ia 4500
003 GCL
008 140319s9999 xx 000 0 ara d
040 _aGCL /
_cGCL
082 0 4 _aط
_b813.02
_bج هـ
100 1 _aجميل يوسف
245 1 0 _aهاوى المرايا /
_cجميل يوسف
300 _a22
490 _aقصص وعلوم ممتعة
_v0
650 0 4 _aالاطفال
650 0 4 _aقصص الاطفال
942 _2ddc
_cBK
999 _c46300
_d46300